Statistics for Hollow Knight

Click here to take the quiz!

General Stats

  • This quiz has been taken 546 times
  • The average score is 11 of 15

Answer Stats

HintAnswer% Correct
Daughter of HerrahHornet
97%
A Vessel to contain the infectionThe Hollow Knight
94%
The BeastHerrah
89%
The TeacherMonomon
89%
Loves mapsCornifer
88%
The Source of the InfectionThe Radiance
88%
The WyrmThe Pale King
84%
An ancient Nightmare DemonGrimm
81%
The WatcherLurien
76%
A Knight of Great RenownZote
73%
The RootThe White Lady
69%
Forgot everythingQuirrel
60%
Scared of changeElderbug
50%
A Dung Beetle, Served the old KingOgrim
45%
The Void AscendedThe Shade Lord
35%

Score Distribution

Percentile by Number Answered

Percent of People with Each Score

Your Score History

You have not taken this quiz